| 000 | 01007cac a22002895a 4500 | ||
|---|---|---|---|
| 005 | 20150816115940.0 | ||
| 008 | 130320b xxu||||| |||| 00| 0 eng d | ||
| 010 | _a 2007006952 | ||
| 020 | _a1405158247 (pbk. : alk. paper) | ||
| 020 | _a9781405158244 (pbk. : alk. paper) | ||
| 040 |
_aEG-ScBUE _beng _cEG-ScBUE |
||
| 082 | 0 | 4 |
_a624.0684 _bWAL _222 |
| 100 | 1 |
_aWalker, Anthony, _932904 |
|
| 245 | 1 | 0 |
_aProject management in construction / _cAnthony Walker. |
| 250 | _a5th ed. | ||
| 260 |
_aOxford ; _aMalden : _bBlackwell Publishing, _c2007. |
||
| 300 |
_ax, 315 p. _bill.; _c24 cm. |
||
| 500 | _aIndex : p. 311-315. | ||
| 504 | _aBibliography : p. 296-310. | ||
| 590 | _aDoha Ragab | ||
| 650 | 0 |
_aConstruction industry. _xManagement. _932905 _2BUEsh |
|
| 650 | 0 |
_aProject management. _932906 _2BUEsh |
|
| 651 | _2BUEsh | ||
| 653 |
_cMarch2013 _bBUSADM _bENGGEN |
||
| 856 | 4 | 1 |
_3Table of contents only _uhttp://www.loc.gov/catdir/toc/ecip0711/2007006952.html |
| 942 |
_cBB _k624.0684 WAL _2ddc |
||
| 999 |
_c8343 _d8343 |
||